LDR 00663naa#a2200169#i#450# 001 EN\\bibl\123437 005 20260705235708.7 011 ## _a1994-4683 100 ## _a20230731b2023####ek#y0engy0150####ca 102 ## _aRU 200 1# _aSTAGES OFFORMATION OF KARATE AS A SPORT IN THE PEOPLE'S REPUBLIC OF CHINA AND PROBLEMS TRAINING OF QUALIFIED TRAINERS IN SPORTS KARATE _eJournal article 210 1# _aMoscow _cNational State University of Physical Education, Sports and Health named after P.F. Lesgaft _d2023 215 ## _a4 с. 608 ## _aJournal article _2local 675 ## _aЗабота о здоровье в вузах. 378.17 _z 700 #1 _a _g 856 4# _auchzapiski.lesgaft.spb.ru _u